Grands Événements Historiques. Niveau: MOYEN - Statistiques

Statistiques générales
  • Ce quiz a été pris 148 fois
    137 depuis la dernière actualisation
  • Le résultat moyen est 2 sur 10
Statistiques - réponses
Question Réponse % Correct
Quel événement a entraîné la création de l'Organisation des Nations Unies (ONU) en 1945 ? La Seconde Guerre Mondiale
79%
Quel événement tragique a eu lieu en 1915 et a été reconnu comme un génocide par de nombreux pays ? Le génocide Arménien
53%
Quel événement a été déclenché par l'invasion de l'Autriche-Hongrie par la Serbie ? La Première Guerre Mondiale
49%
Quel événement a conduit à l'assassinat du président américain Abraham Lincoln en 1865 ? La Guerre de Sécession
17%
Quelle révolution a renversé la monarchie en Russie en 1917 ? La Révolution d'Octobre
17%
Qui a été le président des États-Unis pendant la Grande Dépression et la majeure partie de la Seconde Guerre mondiale Franklin D. Roosevelt
7%
Quelle était la cause principale de la guerre de Vietnam ? La lutte contre le Communisme
3%
Quel est le nom du mouvement anti ségrégation aux États-Unis qui a culminé dans les années 1960 ? Le Mouvement des droits civiques
3%
Quel traité a mis fin à la guerre de 1812 entre les États-Unis et le Royaume-Uni ? Le Traité de Gand
1%
Quel événement a eu lieu à Tiananmen en 1989 ? Les manifestation pro-democratiques
0%
Aucun quiz correspondant
Distribution des résultats
% des personnes avec chaque résultat
Percentile par nombre de réponses
Votre historique - résultats
Vous n’avez pas pris ce quiz depuis la dernière actualisation